00556nam a2200181 a 4500020001800000082001600018100003100034245002300065260004700088300000900135500003500144505001700179650002600196700003100222942000700253952009700260999001700357 a026622X 00a270.2bBRO1 aBrown, Peter Robert Lamont aCult of the Saints aChicagobUniversity of Chicago Pressc1981 a187p aincludes index and biblioraphy2 aNotes, Index aChristian Saints-Cult1 aBrown, Peter Robert Lamont cBK 00104070aHMIbHMId2007-06-20g536.55l0o270.2 BRO1p018384r2007-06-20w2026-01-16yBK c12801d12801